000 02389nam a22002057a 4500
999 _c115289
_d115289
003 OSt
005 20200903111859.0
008 190820b2014 ||||| |||| 00| 0 eng
020 _a9789350715260
040 _cnls
041 _aEnglish
082 _a332.04154 BHU-1
100 _aBhuwania C A Neha
245 _aGuide to private equity
260 _aNew Delhi
_bTaxmann Allied Services (P) Ltd.
_c2014
300 _aHB
505 _aDescription : This book is a maiden attempt to capture the Private Equityconcept running in the Indian ambience. Well thought of and wellcovered from the point of view of a beginner, this book covers theundeciphered aspects of this market for a common man. Covers essence of private equity market in India from the point of view of a layman The book is best suited for students who have an interest in PE /M&A industries The book helps established professionals to build upon their knowledge on birth to grave cycle of a PE Fund Includes real life case studies with diagrams and analysis for easy understanding Covers latest statistics with respect to the market - both geographically and in dollar terms Elucidation on Indian market standing in comparison to the international market The case studies are unique, and represent success stories of Indian start-ups Covers the legal and tax related laws and approaches for PE market as amended by Finance (No. 2) Act, 2014 About the Author: The author is a Chartered Accountant and a B.Com (H) graduate from Lady Shri Ram College, Delhi University. Having worked in the big 4 firms in their audit, accounting and advisory practice and an in-depth research in London on Private Equity, she got in-depth knowledge on deal structuring, corporate taxation, due diligence and financial analysis. Her proficiency as an academician gained her laurels from the student community. Her charming personality and gullible demeanour created an aura of respect for her across the country. Her teaching techniques helped the students understand the corporate world sitting in the classroom. Currently, the author is a visiting faculty at the ICAI (Audit) and runs FxMantra - a company into educational content development, online classes for financial courses and tax advisory for individuals and venture capitalists
600 _aPrivate Equity - India
_aCorporations
942 _2ddc
_cBK